[Event "Scarborough CC-ch Reserves U1700"]
[Site "Toronto"]
[Date "2011.03.10"]
[Round "3"]
[White "Ming, Wenyang"]
[Black "Azizi, Hamid"]
[Result "0-1"]
[WhiteElo "1198"]
[BlackElo "1457"]
[PlyCount "86"]
[EventDate "2011.02.24"]
[EventType "swiss"]
[EventRounds "9"]
[EventCountry "CAN"]
[SourceTitle "EXT 2022"]
[Source "ChessBase"]
[SourceDate "2021.10.06"]
[SourceVersion "1"]
[SourceVersionDate "2021.10.06"]
[SourceQuality "1"]

1. e4 c5 2. Nf3 d6 3. d4 cxd4 4. Nxd4 Nf6 5. Nc3 a6 6. Bg5 Nbd7 7. Be2 b5 8. a3 Bb7 9. Bf3 e5 10. Nf5 Qc7 11. 0-0 g6 12. Ne3 Bg7 13. Qd2 0-0 14. Rad1 Ne8 15. Be7 Rc8 16. Bxf8 Bxf8 17. Bg4 Rd8 18. f4 exf4 19. Rxf4 Qb6 20. Kh1 Bh6 21. Rf3 Ne5 22. Rh3 Nxg4 23. Ncd5 Bxd5 24. exd5 Bxe3 25. Rxe3 Qxe3 26. Qxe3 Nxe3 27. Rd2 Nf6 28. Kg1 Rc8 29. c3 Nexd5 30. g4 g5 31. Kg2 Rc4 32. h3 Kg7 33. Kf3 Rf4+ 34. Kg2 Ne3+ 35. Kg1 d5 36. Rf2 Re4 37. Re2 h5 38. gxh5 Nxh5 39. b3 Nf4 40. Kf2 Nd1+ 41. Kf3 Rxe2 42. a4 f5 43. axb5 Re3# 0-1

[Event "Scarborough CC Falling Leaves U1700"]
[Site "Toronto"]
[Date "2010.11.11"]
[Round "3"]
[White "Philip, Andrew"]
[Black "Azizi, Hamid"]
[Result "1-0"]
[WhiteElo "1593"]
[BlackElo "1441"]
[PlyCount "49"]
[EventDate "2010.10.28"]
[EventType "swiss"]
[EventRounds "7"]
[EventCountry "CAN"]
[SourceTitle "EXT 2022"]
[Source "ChessBase"]
[SourceDate "2021.10.06"]
[SourceVersion "1"]
[SourceVersionDate "2021.10.06"]
[SourceQuality "1"]

1. d4 Nf6 2. Bg5 Ne4 3. Bf4 d5 4. f3 Nd6 5. Nd2 Nc6 6. c3 e6 7. e4 g5 8. Bg3 Bg7 9. Bd3 Nxd4 10. cxd4 Bxd4 11. Qa4+ c6 12. Qxd4 Rg8 13. Ne2 Qe7 14. Qc5 Nf5 15. Qxe7+ Nxe7 16. 0-0-0 Bd7 17. exd5 cxd5 18. Bxh7 Rc8+ 19. Kb1 Rg7 20. Bd3 f6 21. Rc1 Bc6 22. Nd4 e5 23. Nf5 Nxf5 24. Bxf5 Rgc7 25. Bxc8 1-0